000 00707nam a2200289Ia 4500
005 20260324120447.0
008 008 260324s9999 xx 000 0 eng d
020 _a9781315601892
037 _aEBOOK
040 _aCRL
040 _beng
040 _cCRL
041 _2eng
041 _aeng
084 _qCRL
100 _aNicholas Bradbury
_91158660
245 0 _aPractical Theology and Pierre-André Liégé
245 0 _bRadical Dominican and Vatican II Pioneer
260 _bTaylor and Francis
260 _c2015
365 _a
365 _b195
856 _uhttp://www.taylorfrancis.com/books/9781315601892
942 _cEBOOK
999 _c1750206
_d1750206